Are You Lucky? - Combinations - Statistics

General Stats
  • This quiz has been taken 18 times
  • The average score is 1 of 7
Answer Stats
# of Letters Combination % Correct
1
100%
2
6%
3
0%
4
0%
5
0%
6
0%
7
0%
No matching quizzes found
Score Distribution
Percent of People with Each Score
Percentile by Number Answered
Your Score History
You have not taken this quiz